| 000 | 01208nam a2200337 i 4500 | ||
|---|---|---|---|
| 001 | 000017231 | ||
| 003 | DO-SdBNP | ||
| 005 | 20260317111846.0 | ||
| 007 | ta | ||
| 008 | 100319s20052009dr r 000 0 spa d | ||
| 020 | _a9993442445 | ||
| 040 |
_aDO-SdBNP _bspa _cBNPHU _erda |
||
| 041 | _aspa | ||
| 082 | 4 |
_a972.93697 _bE77v _222 |
|
| 100 | 1 |
_aEspínola Reyes, Jovino A., _d1892-1979 _eautor _4aut. _937884 |
|
| 245 | 1 | 3 |
_aLa Vega histórica / _cJovino A. Espínola Reyes ; presentación, Alejandro Arvelo. |
| 264 | 4 |
_aSanto Domingo : _bEdiciones FERILIBRO, _c©2005-2009. |
|
| 300 |
_a2 volumenes ; _c23 cm. |
||
| 336 |
_atexto _btxt _2rdacontent |
||
| 337 |
_asin mediación _bn _2rdamedia |
||
| 338 |
_avolumen _bnc _2rdacarrier |
||
| 490 | 0 |
_aFERILIBRO _v78 |
|
| 590 | _aInventariado, 2026/BT | ||
| 650 | 4 |
_aCiudades y pueblos _xRepública dominicana _91095 |
|
| 651 | 4 |
_a Concepción de la Vega (Republica Dominicana ) _92180 |
|
| 651 | 4 |
_aLa Vega (República Dominicana) _xVida social y costumbres _98244 |
|
| 651 | 4 |
_aLa Vega (República Dominicana) _xDescripción _937885 |
|
| 700 | 1 |
_aArvelo, Alejandro _epresentador _9147 _4pr. |
|
| 910 | _aValidado. Control de calidad BNPHU | ||
| 942 |
_2ddc _cLBS1 |
||
| 999 |
_c16756 _d16756 |
||